| 000 | 00487nam a2200169 4500 | ||
|---|---|---|---|
| 001 | 121141 | ||
| 003 | ES-MaACL | ||
| 005 | 20250804042959.0 | ||
| 007 | t| | ||
| 008 | 070214s1977 sp r ||||1| spa d | ||
| 245 | 0 | 3 |
_aEl preso común en España / _cFernando Savater... [et al.]. |
| 260 |
_aMadrid : _bEdiciones de la Torre, _c1977. |
||
| 300 |
_a143 p. ; _c18 cm. |
||
| 700 | 1 |
_aSavater, Fernando, _d1947- _9104053 |
|
| 852 |
_aES-MaACL _jA-7014 _bR.96174 |
||
| 999 |
_c121141 _d121141 |
||